000 01316cam a2200277 4500
001 X113156
008 000000n2001 000 0 eng u
035 _a(Sirsi) u113156
100 _aHart, D.
245 4 _aThe planning system: not out of the human rights woods yet?
260 _c2001
490 _aNew Law Journal
_v151(6986) 1 June 2001, 823-824(2)
520 _aReflects on the decision of the HL in "Alconbury" outlining the European Court of Human Rights case law used by the Law Lords in reaching their decision and the implications for both planning law and more generally for the European Convention and the Human Rights Act 1998.
650 _aCONVENTION FOR THE PROTECTION OF HUMAN RIGHTS AND FUNDAMENTAL FREEDOMS
650 _aCONVENTION FOR THE PROTECTION OF HUMAN RIGHTS AND FUNDAMENTAL FREEDOMS ART 6
650 _aHUMAN RIGHTS ACT 1998
650 _aPLANNING APPEALS
650 _aPLANNING DECISIONS
650 _aPLANNING PROCESS
650 _aPLANNING SYSTEM
650 _aR V SOS ENVIRONMENT, TRANSPORT AND THE REGIONS EX P ALCONBURY DEVELOPMENTS
650 _aR V SOS ENVIRONMENT EX P HOLDING AND BARNES PLC
650 _aR V SOS ENVIRONMENT EX P LEGAL AND GENERAL ASSURANCE SOCIETY
690 _aENVIRONMENTAL AND LAND CONSULTANCY-PLANNING AND DEVELOPMENT
942 _n0
999 _c67379
_d67379